| 000 | 00483nam a22001697a 4500 | ||
|---|---|---|---|
| 003 | OSt | ||
| 005 | 20250111171919.0 | ||
| 008 | 250111b |||||||| |||| 00| 0 eng d | ||
| 020 | _a9788120824119 | ||
| 040 |
_aSRHU _benglish _cDrolia Pustak Bhandar |
||
| 082 | _212th | ||
| 245 |
_a Research Method in Psychology Sociology & Education _cSingh, Arun K |
||
| 250 | _a12h | ||
| 260 |
_aDelhi _b Motilal Banarsi Das _c2017 |
||
| 300 |
_a492p _c22cm |
||
| 942 |
_2ddc _cYS _e12th |
||
| 999 |
_c19357 _d19357 |
||